[Event "Winnipeg op"]
[Site "Winnipeg"]
[Date "2019.07.16"]
[Round "6.10"]
[White "Melnyk, Jim"]
[Black "Lei, Yanyu"]
[Result "1-0"]
[WhiteElo "1708"]
[BlackElo "1574"]
[PlyCount "116"]
[EventDate "2019.06.04"]
[EventType "swiss"]
[EventRounds "8"]
[EventCountry "CAN"]
[SourceTitle "EXT 2023"]
[Source "ChessBase"]
[SourceDate "2022.10.05"]
[SourceVersion "1"]
[SourceVersionDate "2022.10.05"]
[SourceQuality "1"]

1. e4 c5 2. Nf3 d6 3. Bd3 Nc6 4. c3 Nf6 5. Bc2 g6 6. 0-0 Bg7 7. d3 0-0 8. Re1 Be6 9. d4 cxd4 10. Nxd4 Nxd4 11. Qxd4 Qc7 12. a4 Ng4 13. Qd1 d5 14. g3 Rfd8 15. Qe2 d4 16. h3 Ne5 17. cxd4 Rxd4 18. Kg2 Qd7 19. Rh1 Bc4 20. Qe3 Bd3 21. Bxd3 Rxd3 22. Qe2 Nc4 23. Nc3 Rc8 24. Nd5 Rb3 25. Rd1 Qe6 26. Ra2 Nb6 27. Nxb6 Rxb6 28. Ra3 Rbc6 29. Ra1 Rc2 30. Qe3 Bxb2 31. Bxb2 Rxb2 32. Rac1 Rxc1 33. Rxc1 Qb6 34. Qxb6 Rxb6 35. Rc7 e6 36. Kf3 Rb4 37. a5 a6 38. g4 Kf8 39. Kf4 h6 40. Ke5 Kg7 41. Rc5 Rb5 42. Rxb5 axb5 43. Kd4 b4 44. Kc4 b3 45. Kxb3 Kf6 46. f4 Ke7 47. Kc4 f6 48. Kc5 Kd7 49. h4 Kc7 50. f5 exf5 51. exf5 gxf5 52. gxf5 h5 53. Kd5 Kd7 54. Ke4 Kc6 55. Kd4 Kb5 56. Kd5 Kxa5 57. Ke6 b5 58. Kxf6 b4 1-0

[Event "Winnipeg Manitoba-ch U20"]
[Site "Winnipeg"]
[Date "2018.10.27"]
[Round "2.1"]
[White "Lei, Yanyu"]
[Black "Wolchock, Theo"]
[Result "0-1"]
[WhiteElo "1607"]
[BlackElo "2182"]
[PlyCount "82"]
[EventDate "2018.10.27"]
[EventType "swiss"]
[EventRounds "4"]
[EventCountry "CAN"]
[SourceTitle "EXT 2022"]
[Source "ChessBase"]
[SourceDate "2021.10.06"]
[SourceVersion "1"]
[SourceVersionDate "2021.10.06"]
[SourceQuality "1"]

1. d4 Nf6 2. c4 c5 3. d5 b5 4. cxb5 a6 5. Nf3 g6 6. Nc3 Bg7 7. Bg5 d6 8. Qd2 h6 9. Bf4 axb5 10. Nxb5 Ne4 11. Qc2 Qa5+ 12. Nc3 Bxc3+ 13. bxc3 Qxc3+ 14. Qxc3 Nxc3 15. g3 Nxd5 16. Bg2 Nxf4 17. gxf4 Bb7 18. 0-0 0-0 19. a4 Nc6 20. Nd2 Na5 21. Bxb7 Nxb7 22. Nc4 Na5 23. Nxa5 Rxa5 24. Ra2 Rb8 25. Rfa1 Rb4 26. e3 Kf8 27. Kf1 Ke8 28. Ke2 Kd7 29. Kd3 Kc6 30. Kc3 d5 31. Rb2 Raxa4 32. Rxa4 Rxa4 33. Kb3 Rb4+ 34. Kc2 Rxb2+ 35. Kxb2 f6 36. Kc3 e5 37. Kd3 exf4 38. exf4 Kd6 39. f3 Ke6 40. h4 h5 41. f5+ Kxf5 0-1

[Event "CAN-ch U20 U1800"]
[Site "Toronto"]
[Date "2018.08.12"]
[Round "8.26"]
[White "Lei, Yanyu"]
[Black "Wang, Andrew2222"]
[Result "1-0"]
[WhiteElo "1427"]
[BlackElo "1452"]
[PlyCount "61"]
[EventDate "2018.08.08"]
[EventType "swiss"]
[EventRounds "9"]
[EventCountry "CAN"]
[SourceTitle "EXT 2022"]
[Source "ChessBase"]
[SourceDate "2021.10.06"]
[SourceVersion "1"]
[SourceVersionDate "2021.10.06"]
[SourceQuality "1"]

1. d4 Nf6 2. c4 e6 3. Nc3 Bb4 4. Bg5 h6 5. Bh4 g5 6. Bg3 Nc6 7. e3 b6 8. Bd3 Bb7 9. Nge2 d6 10. a3 Bxc3+ 11. Nxc3 Nd7 12. b4 h5 13. f3 f5 14. d5 Qf6 15. Nb5 Qd8 16. dxc6 Bxc6 17. Nd4 e5 18. Nxc6 Qf6 19. f4 e4 20. Be2 h4 21. Bf2 g4 22. Qd4 Qf8 23. Rd1 Nf6 24. Ne5 Qe7 25. Ng6 Qg7 26. Nxh8 Qxh8 27. c5 d5 28. Qe5+ Kd7 29. Qxf5+ Ke7 30. Bxg4 Qg7 31. Bxh4 1-0

[Event "CAN-ch U20 U1800"]
[Site "Toronto"]
[Date "2018.08.11"]
[Round "6.27"]
[White "Balachandran, Kousihan"]
[Black "Lei, Yanyu"]
[Result "1/2-1/2"]
[WhiteElo "1479"]
[BlackElo "1427"]
[PlyCount "60"]
[EventDate "2018.08.08"]
[EventType "swiss"]
[EventRounds "9"]
[EventCountry "CAN"]
[SourceTitle "EXT 2022"]
[Source "ChessBase"]
[SourceDate "2021.10.06"]
[SourceVersion "1"]
[SourceVersionDate "2021.10.06"]
[SourceQuality "1"]

1. e4 c5 2. Nf3 d6 3. d4 cxd4 4. Nxd4 Nf6 5. Nc3 g6 6. Be3 Bg7 7. Be2 Nc6 8. Bf3 Nxd4 9. Bxd4 Be6 10. 0-0 0-0 11. e5 dxe5 12. Bxe5 Qb6 13. Rb1 Nh5 14. Bxg7 Nxg7 15. Nd5 Qc5 16. b4 Qc4 17. Nxe7+ Kh8 18. Bd5 Bxd5 19. Qxd5 Qc7 20. Qc5 Ne6 21. Qxc7 Nxc7 22. Rbd1 Rad8 23. c4 Rfe8 24. Nd5 Nxd5 25. cxd5 Re5 26. d6 Re6 27. g3 Rexd6 28. Rxd6 Rxd6 29. Rc1 Rd7 30. Kg2 Kg7 1/2-1/2

[Event "CAN-ch U20 U1800"]
[Site "Toronto"]
[Date "2018.08.10"]
[Round "4.27"]
[White "Lei, Yanyu"]
[Black "Li, Wing"]
[Result "0-1"]
[WhiteElo "1427"]
[BlackElo "1569"]
[PlyCount "66"]
[EventDate "2018.08.08"]
[EventType "swiss"]
[EventRounds "9"]
[EventCountry "CAN"]
[SourceTitle "EXT 2022"]
[Source "ChessBase"]
[SourceDate "2021.10.06"]
[SourceVersion "1"]
[SourceVersionDate "2021.10.06"]
[SourceQuality "1"]

1. d4 d5 2. c4 c6 3. cxd5 cxd5 4. Nc3 Nf6 5. Bg5 e6 6. e3 Nc6 7. Bd3 Be7 8. Nge2 0-0 9. Qd2 a6 10. h4 h6 11. Bf4 b5 12. f3 Nh5 13. 0-0-0 Nxf4 14. Nxf4 Bd7 15. g4 Bxh4 16. Ng2 Be7 17. f4 Rc8 18. Ne1 b4 19. Na4 Na5+ 20. Kb1 Bxa4 21. g5 Bxd1 22. gxh6 g6 23. Qg2 Kh7 24. Nf3 Bxf3 25. Qxf3 Nc4 26. Qh5 Qc7 27. a3 bxa3 28. Rg1 Rg8 29. Qh3 Nd2+ 30. Ka2 axb2 31. Bxg6+ Rxg6 32. Rxg6 b1B+ 33. Kb2 Qc3# 0-1

[Event "CAN-ch U20 U1800"]
[Site "Toronto"]
[Date "2018.08.09"]
[Round "3.20"]
[White "Yuen, Noah Nathaniel"]
[Black "Lei, Yanyu"]
[Result "1-0"]
[WhiteElo "1675"]
[BlackElo "1427"]
[PlyCount "115"]
[EventDate "2018.08.08"]
[EventType "swiss"]
[EventRounds "9"]
[EventCountry "CAN"]
[SourceTitle "EXT 2022"]
[Source "ChessBase"]
[SourceDate "2021.10.06"]
[SourceVersion "1"]
[SourceVersionDate "2021.10.06"]
[SourceQuality "1"]

1. d4 Nf6 2. c4 g6 3. Nc3 Bg7 4. Bf4 d5 5. e3 0-0 6. h3 c5 7. dxc5 Qa5 8. Rc1 dxc4 9. Bxc4 Qxc5 10. Qb3 Nc6 11. Qb5 Qxb5 12. Bxb5 Nb4 13. a3 Nbd5 14. Be5 Nxc3 15. Bxc3 Bf5 16. Nf3 Rfd8 17. Nd4 Bd7 18. Bxd7 Rxd7 19. Nb3 Rad8 20. 0-0 Ne4 21. Bxg7 Kxg7 22. Rc2 Nd2 23. Nxd2 Rxd2 24. Rfc1 Rxc2 25. Rxc2 Rd7 26. Kf1 f5 27. Ke2 Kf6 28. Rc4 Rd6 29. Rb4 Rb6 30. Rxb6+ axb6 31. Kd3 Ke6 32. Kc4 Kd6 33. Kb5 Kc7 34. b3 e6 35. f4 h6 36. h4 h5 37. g3 Kb8 38. Kxb6 Kc8 39. a4 Kb8 40. a5 Ka8 41. b4 Kb8 42. b5 Ka8 43. Kc7 Ka7 44. Kd6 Kb8 45. b6 Kc8 46. Kxe6 Kd8 47. Kd6 Kc8 48. Ke7 Kb8 49. Kf6 Kc8 50. Kxg6 Kd7 51. Kxf5 Kc6 52. e4 Kb5 53. e5 Kxa5 54. e6 Kxb6 55. e7 Ka5 56. e8Q b5 57. Qxb5+ Kxb5 58. Ke6 1-0

[Event "Winnipeg op"]
[Site "Winnipeg"]
[Date "2018.07.10"]
[Round "6"]
[White "Lei, Yanyu"]
[Black "Trueman, Francis"]
[Result "1-0"]
[WhiteElo "1337"]
[BlackElo "1410"]
[PlyCount "51"]
[EventDate "2018.06.05"]
[EventType "swiss"]
[EventRounds "8"]
[EventCountry "CAN"]
[SourceTitle "EXT 2022"]
[Source "ChessBase"]
[SourceDate "2021.10.06"]
[SourceVersion "1"]
[SourceVersionDate "2021.10.06"]
[SourceQuality "1"]

1. d4 Nf6 2. c4 d6 3. Nc3 g6 4. Bg5 Bg7 5. e4 0-0 6. Bd3 h5 7. Nge2 Nbd7 8. Qd2 e5 9. d5 Nc5 10. Bc2 a5 11. 0-0-0 Bd7 12. f3 Qe8 13. Rdg1 Rb8 14. Bxf6 Bxf6 15. h4 Qd8 16. g4 hxg4 17. Kb1 Bxh4 18. Qh6 g5 19. Ng3 f6 20. Rxh4 gxh4 21. Qg6+ Kh8 22. Rh1 h3 23. fxg4 Bxg4 24. Qxg4 Rf7 25. Qxh3+ Kg8 26. Qh8# 1-0

[Event "CAN-ch U14"]
[Site "Quebec"]
[Date "2018.07.04"]
[Round "5.47"]
[White "Landstrom, William"]
[Black "Lei, Yanyu"]
[Result "1-0"]
[WhiteElo "1297"]
[BlackElo "1337"]
[PlyCount "93"]
[EventDate "2018.07.02"]
[EventType "swiss"]
[EventRounds "7"]
[EventCountry "CAN"]
[SourceTitle "EXT 2022"]
[Source "ChessBase"]
[SourceDate "2021.10.06"]
[SourceVersion "1"]
[SourceVersionDate "2021.10.06"]
[SourceQuality "1"]

1. e4 c5 2. Nf3 d6 3. d4 cxd4 4. Nxd4 Nf6 5. Bd3 g6 6. Nc3 Bg7 7. 0-0 0-0 8. h3 Bd7 9. Be3 Nc6 10. Nf3 Re8 11. Qd2 Rc8 12. Rae1 Nb4 13. a3 Nxd3 14. cxd3 a6 15. Bh6 Bh8 16. d4 Qa5 17. e5 Nh5 18. g4 Ng7 19. Nh4 Be6 20. f4 Bc4 21. Rf2 Ne6 22. f5 Nc7 23. fxg6 fxg6 24. Qg5 Ne6 25. Qd2 dxe5 26. d5 Nc7 27. Qg5 Bf6 28. Rxf6 exf6 29. Qxf6 Qc5+ 30. Kh2 Qe7 31. Qxe7 Rxe7 32. d6 Re6 33. dxc7 Rxc7 34. Nf3 Rd7 35. Rxe5 Rxe5 36. Nxe5 Rc7 37. Nxc4 Rxc4 38. Be3 b5 39. Bb6 b4 40. Nd5 bxa3 41. bxa3 Ra4 42. Bc5 Ra5 43. Ne7+ Kf7 44. Bb4 Re5 45. Nc6 Ke6 46. Nxe5 Kxe5 47. Kg3 1-0

[Event "Winnipeg op"]
[Site "Winnipeg"]
[Date "2018.06.19"]
[Round "3"]
[White "Flynn, Darren"]
[Black "Lei, Yanyu"]
[Result "0-1"]
[WhiteElo "1357"]
[BlackElo "1337"]
[PlyCount "90"]
[EventDate "2018.06.05"]
[EventType "swiss"]
[EventRounds "8"]
[EventCountry "CAN"]
[SourceTitle "EXT 2022"]
[Source "ChessBase"]
[SourceDate "2021.10.06"]
[SourceVersion "1"]
[SourceVersionDate "2021.10.06"]
[SourceQuality "1"]

1. e4 c5 2. Nf3 d6 3. Bb5+ Bd7 4. Nc3 Nf6 5. d3 g6 6. 0-0 Bg7 7. h3 Bxb5 8. Nxb5 Nc6 9. Be3 Qb6 10. c4 a6 11. Qa4 0-0 12. Nc3 Qxb2 13. Qb3 Qxb3 14. axb3 Nb4 15. d4 Nc2 16. Rad1 cxd4 17. Nxd4 Nxe3 18. fxe3 Rac8 19. Nd5 Nxd5 20. exd5 Rc5 21. Nf3 b5 22. Nd2 Bh6 23. Rf3 bxc4 24. bxc4 Rb8 25. Ra1 a5 26. Ra4 Rb4 27. Rxb4 axb4 28. Kf2 Bg7 29. Ke2 Bc3 30. Rf4 Bxd2 31. Kxd2 Rc7 32. Kc2 Rb7 33. Kb3 Kf8 34. Rf1 Ke8 35. Ra1 e6 36. e4 exd5 37. cxd5 Ke7 38. Ra4 Kf6 39. Rxb4 Rxb4+ 40. Kxb4 Ke5 41. Kb5 Kxe4 42. Kc6 Ke5 43. g3 h5 44. g4 hxg4 45. hxg4 f5 0-1

[Event "Winnipeg op"]
[Site "Winnipeg"]
[Date "2017.07.04"]
[Round "5"]
[White "Magyar, Peter"]
[Black "Lei, Yanyu"]
[Result "1-0"]
[WhiteElo "1559"]
[BlackElo "1261"]
[PlyCount "115"]
[EventDate "2017.06.06"]
[EventType "swiss"]
[EventRounds "8"]
[EventCountry "CAN"]
[SourceTitle "EXT 2022"]
[Source "ChessBase"]
[SourceDate "2021.10.06"]
[SourceVersion "1"]
[SourceVersionDate "2021.10.06"]
[SourceQuality "1"]

1. d4 Nf6 2. Bf4 g6 3. Nf3 Bg7 4. e3 0-0 5. Be2 d5 6. h3 Nc6 7. c3 Re8 8. 0-0 Bf5 9. Nbd2 Qd7 10. Nh4 Be4 11. Nhf3 Rad8 12. Nb3 b6 13. Bb5 e6 14. Ne5 Qc8 15. Nxc6 Qd7 16. Nxa7 Qe7 17. Bxe8 Nxe8 18. Nc6 Qd7 19. Nxd8 Qxd8 20. Nd2 Nd6 21. Bxd6 Qxd6 22. Nxe4 dxe4 23. Qg4 Qd5 24. f3 f5 25. Qg3 c6 26. fxe4 Qxe4 27. Qf3 Qd3 28. Rae1 c5 29. e4 Qb5 30. b3 cxd4 31. exf5 exf5 32. Qa8+ Kf7 33. c4 Qc5 34. Qe8+ Kf6 35. Qe6+ Kg5 36. Qe7+ Qxe7 37. Rxe7 Bh6 38. Rd1 Kf6 39. Rd7 Be3+ 40. Kf1 Ke5 41. Ke2 h5 42. Kf3 g5 43. g4 h4 44. Rd5+ Kf6 45. Rxf5+ Kg6 46. c5 bxc5 47. Rxc5 Kf6 48. Ke4 Ke6 49. b4 Kd6 50. a4 Ke6 51. a5 Kd6 52. a6 Ke6 53. a7 Bf4 54. a8Q Bd6 55. Qe8+ Be7 56. Rc7 Kf6 57. Qxe7+ Kg6 58. Qg7# 1-0

[Event "Winnipeg op"]
[Site "Winnipeg"]
[Date "2017.06.27"]
[Round "4"]
[White "Lei, Yanyu"]
[Black "Remillard, John"]
[Result "0-1"]
[WhiteElo "1261"]
[BlackElo "1636"]
[PlyCount "74"]
[EventDate "2017.06.06"]
[EventType "swiss"]
[EventRounds "8"]
[EventCountry "CAN"]
[SourceTitle "EXT 2022"]
[Source "ChessBase"]
[SourceDate "2021.10.06"]
[SourceVersion "1"]
[SourceVersionDate "2021.10.06"]
[SourceQuality "1"]

1. d4 c5 2. dxc5 Qa5+ 3. Bd2 Qxc5 4. Nc3 e6 5. Nf3 a6 6. e4 Qc7 7. Bd3 Nc6 8. 0-0 Nf6 9. Bg5 Be7 10. Qd2 d6 11. Rad1 Bd7 12. Rfe1 h6 13. Bh4 0-0-0 14. Bg3 Nh5 15. Bf4 g5 16. Be3 Ne5 17. Nxe5 dxe5 18. Qe2 Nf4 19. Bxf4 gxf4 20. a3 h5 21. b4 Qxc3 22. Bxa6 Qc7 23. Bb5 h4 24. h3 Rhg8 25. Bd3 Rg5 26. c4 Rdg8 27. f3 Rxg2+ 28. Qxg2 Rxg2+ 29. Kxg2 f5 30. Kh2 fxe4 31. Bxe4 Bc6 32. Rg1 Kb8 33. Bc2 Bxf3 34. Rdf1 Qxc4 35. Bh7 Qe2+ 36. Rf2 Qxf2+ 37. Rg2 Qxg2# 0-1